| 000 | 00885 a2200181 4500 | ||
|---|---|---|---|
| 003 | NUST | ||
| 005 | 20230209130103.0 | ||
| 010 | _a 2010342405 | ||
| 020 | _a9789690022660 | ||
| 040 | _cNust | ||
| 082 | _a954.91,MIR | ||
| 100 | 1 |
_aMir, Nadir. _93924 |
|
| 245 | 1 | 0 |
_aGwadar on the global chessboard : _bPakistan's identity, history and culture / _cNadir Mir. |
| 260 |
_aLahore : _bFerozsons, _c2010. |
||
| 300 |
_a200 p. : _bill., maps; _c22 cm. |
||
| 505 | _aIntroduction to Gawadar (Page-10), Pioneers of Gawadrs (Page-26), Gwadar as Pivot Concept year 2000 (Page-34), Towards Multi Regional Pakistan (Page-41), Gawdar on the Global Chessboard (Page-71), Pakistan New Global Energy Player (Page-86), Global Gawadar Metropolis Vision 2025 (Page-128), Gawdar and Dubai (Page-148), New Identity and Density (Page-157), Beyond and Geopolitics (Page-178). | ||
| 942 |
_2ddc _cBK _k954.91,MIR |
||
| 999 |
_c188914 _d188914 |
||